000 00441nam a2200181Ia 4500
003 GCL
008 140319s9999 xx 000 0 eng d
040 _aGCL /
_cGCL
082 0 4 _a391.44
_bS S
100 1 _aSTONE, JEFF
245 1 0 _aSPECTACLES /
_cSTONE, JEFF
700 1 _aGROSS, KIM JOHNSON
260 _a[S.N] :
_bTHAMES AND HUDSON ،
_c1994
300 _a103 P P
650 0 4 _aSPECTACLES
650 0 4 _aSUNGLASES
942 _2ddc
_cBK
999 _c12028
_d12028